000
00202 a2200097 4500
001
1785
100
_a
Koontz,H.
245
_a
Principles of Management
260
_a
_b
Mcgrawhill
_c
090
_c
1316
_d
1316
942
_a
NUST-CAE
_c
M
_c
3514
999
_c
236858
_d
236858